CSGO / CS2 Majors Winners - Statistics

General Stats
  • This quiz has been taken 26 times
  • The average score is 41 of 73
Answer Stats
Majors Won Country Players % Correct
4 France apEX
93%
4 Denmark dev1ce
93%
5 Denmark dupreeh
93%
3 Estonia ropz
93%
1 Ukraine s1mple
93%
1 Russia donk
87%
2 Israel flameZ
87%
2 United Kingdom mezii
87%
3 France Zywoo
87%
2 Brazil coldzera
80%
2 Brazil FalleN
80%
1 Finland Aleksib
73%
2 Ukraine b1t
73%
4 Denmark gla1ve
73%
1 Denmark karrigan
73%
4 Denmark Magisk
73%
2 Sweden olofmeister
73%
1 Canada Twistzz
73%
4 Denmark Xyp9x
73%
1 Latvia broky
67%
1 Lithuania jL
67%
1 France kennyS
67%
1 Russia magixx
67%
1 Poland Snax
67%
1 United States Stewie2K
67%
1 Ukraine W0nderful
67%
1 Russia chopper
60%
1 Sweden GeT_RiGhT
60%
1 Kazakhstan Hobbit
60%
1 Romania iM
60%
1 Russia Jame
60%
1 Poland pashaBiceps
60%
1 Norway rain
60%
1 Russia Dosia
53%
1 Russia electronic
53%
1 Sweden f0rest
53%
1 Russia fame
53%
2 Brazil fer
53%
3 Sweden flusha
53%
3 Sweden JW
53%
1 Russia sh1ro
53%
1 France shox
53%
1 Israel Spinx
53%
1 Poland TaZ
53%
1 Ukraine zont1x
53%
1 Russia Boombl4
47%
1 Russia n0rb3r7
47%
1 Poland NEO
47%
2 Brazil TACO
47%
1 United States tarik
47%
1 Kazakhstan AdreN
40%
1 United States autimatic
40%
1 Russia FL1T
40%
2 Brazil fnx
40%
1 Sweden friberg
40%
1 Denmark Kjaerbye
40%
2 France NBK-
40%
1 Russia Perfecto
40%
3 Sweden pronax
40%
1 Kazakhstan qikert
40%
1 United States RUSH
40%
1 United States Skadoodle
40%
1 Poland byali
33%
2 France Happy
33%
2 France kioShiMa
33%
1 France SmithZz
33%
1 Sweden Devilwalk
27%
1 Sweden Fifflaren
27%
2 Sweden KRIMZ
27%
1 Kazakhstan mou
27%
1 Ukraine Zeus
27%
1 Sweden znajder
27%
1 Sweden Xitz
7%
No matching quizzes found
Score Distribution
Percent of People with Each Score
Percentile by Number Answered
Your Score History
You have not taken this quiz